An encyclopedia of the iron & steel industry (Record no. 61565)

000 -LEADER
fixed length control field 00495nam a22001817a 4500
003 - CONTROL NUMBER IDENTIFIER
control field NUST-PNEC
005 - DATE AND TIME OF LATEST TRANSACTION
control field 20170116180725.0
008 - FIXED-LENGTH DATA ELEMENTS--GENERAL INFORMATION
fixed length control field 141031b xxu||||| |||| 00| 0 eng d
040 ## - CATALOGING SOURCE
Transcribing agency PNEC
082 ## - DEWEY DECIMAL CLASSIFICATION NUMBER
Classification number 672.03 OSB
100 ## - MAIN ENTRY--PERSONAL NAME
9 (RLIN) 899
Personal name Osborne, A. K.
245 ## - TITLE STATEMENT
Title An encyclopedia of the iron & steel industry
Statement of responsibility, etc. A. K. Osborne
250 ## - EDITION STATEMENT
Edition statement 2nd ed.
260 ## - PUBLICATION, DISTRIBUTION, ETC.
Place of publication, distribution, etc. London
Name of publisher, distributor, etc. The Technical Press Ltd.,
Date of publication, distribution, etc. 1967
300 ## - PHYSICAL DESCRIPTION
Extent 558 p. :
Other physical details ill. ;
Dimensions 24 cm.
650 ## - SUBJECT ADDED ENTRY--TOPICAL TERM
General subdivision Encyclopedia
-- ME
942 ## - ADDED ENTRY ELEMENTS (KOHA)
Source of classification or shelving scheme
Koha item type Book
Holdings
Withdrawn status Lost status Source of classification or shelving scheme Damaged status Not for loan Permanent Location Current Location Shelving location Date acquired Total Checkouts Full call number Barcode Date last seen Price effective from Koha item type
          Pakistan Navy Engineering College (PNEC) Pakistan Navy Engineering College (PNEC) Reference     672.03 OSB PNECLIB-003086 10/31/2014   Book
          Pakistan Navy Engineering College (PNEC) Pakistan Navy Engineering College (PNEC) Reference 09/29/1980   672.03 OSB PNECLIB-003085 10/31/2014 09/29/1980 Book
© 2023 Central Library, National University of Sciences and Technology. All Rights Reserved.